| 000 | 00669nam a2200193Ia 4500 | ||
|---|---|---|---|
| 020 | _a9782856292310 | ||
| 020 | _a2856292313 | ||
| 040 | _cOSU | ||
| 082 | _a428 SOC 2007 A022 Or. | ||
| 245 | 1 | 0 | _aArgos seminar on intersections of modular correspondences |
| 260 |
_aParis : _bSoci©♭t©♭ math©♭matique de France, _cc2007 |
||
| 300 |
_axvi, 210 p. ; _c24 cm |
||
| 500 | _a"This volume contains the written account of the Bonn semiar on arithmetic geometry 2004/2004"-- p. [iii] | ||
| 650 | 0 | _aModular functions | |
| 650 | 0 | _aEndomorphisms (Group theory) | |
| 650 | 0 | _aForms, Quadratic | |
| 710 | 2 | _aSoci©♭t©♭ math©♭matique de France | |
| 942 | _cEK | ||
| 999 |
_c12643 _d12643 |
||